Pezinský tehliar závodný časopis zamestnancov Pezinských tehelní

Bibliographic Details
Format: Journal
Language:Slovak
PhysicalDescription:5 zv. 30 cm
Published: Pezinok Závodná skupina ROH pri Západoslovenských tehelniach 1951-1955
Subjects:

MARC

LEADER 00000cas a2200000 a 4500
001 vtls010301893
003 SK-MaSNL
005 20260228162549.0
008 110810d19511955xo er|p 0 b0slo
040 |a SNK  |b slo  |c SNK  |e AACR2 
041 0 |a slo 
043 |a e-xo--- 
044 |a xo  |c SK 
072 7 |a 666  |x Sklárstvo. Keramika. Cement  |2 konspekt 
080 |a 050  |2 2001 
080 |a (437.6)  |2 2001 
080 |a 666.7:005.71  |2 2001 
245 0 0 |a Pezinský tehliar  |b závodný časopis zamestnancov Pezinských tehelní 
260 |a Pezinok  |b Závodná skupina ROH pri Západoslovenských tehelniach  |c 1951-1955 
300 |a 5 zv.  |c 30 cm 
310 |a 26x ročne  |b 1/1951-1/1952, 4/1953-8/1955 
321 |a 1x mesačne  |b 2/1952-3/1953 
362 0 |a Roč. I, č. 1-2 (30. jan. 1951)-roč. V, č. 8 (27. máj 1955) 
500 |a Zmena podnázvu od č. 20/1951-1/1954: závodný časopis zamestnancov Západoslovenských tehelní, nár. podnik v Pezinku ; od č. 2/1954-6/1954 bez podnázvu ; od č. 7/1954-12/1954: závodný časopis zamestnancov tehelne Pezinok ; od č. 1/1955: závodný časopis zamestnancov Západoslovenských tehelní 
500 |a Redaktori sa menia 
500 |a Vyd.: od č. 4/1953-6/1954 ZO KSS, ZS ROH, ZS ČSM a vedenie podniku ZST Pezinok ; od č. 7/1954 orgán ZR ROH, ZO KSS, ZS ČSM, ZO SČSP a vedenie podniku, Pezinok 
500 |a Tlač: Cyklostyl nár. podniku, ZST Pezinok ; od č. 7/1954 Knižné závody, n. p., Trnava 
650 0 7 |a tehelne  |2 SNKPH  |9 31205 
651 7 |a Pezinok (Slovensko)  |2 SNKPH  |9 15835 
655 7 |a špecializované časopisy  |2 SNKPH  |9 70509 
910 |a snk 
916 |a 1951-1955 
958 |a OND 
999 |c 8063  |d 9993 
952 |0 0  |1 0  |4 0  |7 0  |a SNK  |b SNK  |d 2015-05-11  |f 1  |i snkČSP 363/56  |l 0  |o snkČSB 586/5/1955  |p 17A0713436  |r 2026-02-21 20:15:15  |t č. 1-8  |w 2026-02-21  |y PREZ 
952 |0 0  |1 0  |4 0  |7 0  |a SNK  |b SNK  |d 2015-05-11  |f 1  |i snkII. 813/54  |l 0  |o snkČSB 586/3/1953  |p 17A0713423  |r 2026-02-21 21:26:05  |t č. 1-12  |w 2026-02-21  |y PREZ 
952 |0 0  |1 0  |4 0  |7 0  |a SNK  |b SNK  |d 2015-05-11  |f 1  |i snkII. 1756/55  |l 0  |o snkČSB 586/4/1954  |p 17A0713422  |r 2026-02-21 21:26:05  |t č. 1-12  |w 2026-02-21  |y PREZ 
952 |0 0  |1 0  |4 0  |7 0  |a SNK  |b SNK  |d 2015-05-11  |f 1  |i snk322/52  |l 0  |o snkČSB 586/1/1951  |p 17A0713425  |r 2026-02-21 21:34:25  |t č. 1-22  |w 2026-02-21  |y PREZ 
952 |0 0  |1 0  |4 0  |7 0  |a SNK  |b SNK  |d 2015-05-11  |f 1  |i snk467/53  |l 0  |o snkČSB 586/2/1952  |p 17A0713424  |r 2026-02-21 21:34:25  |t č. 1-8  |w 2026-02-21  |y PREZ